| 000 | 01336 a2200277 4500 | ||
|---|---|---|---|
| 003 | Nust | ||
| 005 | 20170207153052.0 | ||
| 010 | _a 2005050688 | ||
| 020 | _a0387254323 (alk. paper) | ||
| 020 | _a0387270981 (ebook) | ||
| 040 | _cNust | ||
| 082 | 0 | 0 | _a621.3827 |
| 100 | 1 | _aZhu, Keyao, | |
| 245 | 1 | 0 |
_aTraffic grooming in optical WDM mesh networks / _cKeyao Zhu, Hongyue Zhu, Biswanth Mukherjee. |
| 260 |
_aNew York : _bSpringer, _c2005. |
||
| 300 |
_axxi, 174 p. : _bill. ; _c24 cm. |
||
| 440 | 0 | _aOptical networks series | |
| 505 | _aOverview (Page-1) Static Traffic Grooming (Page-17) A General Graph Model (Page-43) Dynamic Traffic Grooming (Page-71)Grooming Switch Architectures (Page-93) Sparse Grooming Network (Page-115)Network Design with OXCS of Different Bandwidth Granularities (Page-125)Traffic Grooming in Next Generation Sonet/SDH (Page-155). | ||
| 538 | _aAlmirah No 26 Shelf No 6 | ||
| 650 | 0 | _aTelecommunication engineering | |
| 700 | 1 | _aMukherjee, Biswanath. | |
| 700 | 1 |
_aZhu, Hongyue, _d1973- |
|
| 856 | 4 | 2 |
_3Contributor biographical information _uhttp://www.loc.gov/catdir/enhancements/fy0823/2005050688-b.html |
| 856 | 4 | 2 |
_3Publisher description _uhttp://www.loc.gov/catdir/enhancements/fy0663/2005050688-d.html |
| 856 | 4 | 2 |
_3Table of contents only _uhttp://www.loc.gov/catdir/enhancements/fy0823/2005050688-t.html |
| 942 | _cREF | ||
| 999 |
_c178720 _d178720 |
||